| 000 | 00619cam a2200241 4500 | ||
|---|---|---|---|
| 001 | J92151 | ||
| 008 | 090401t1998 xxu||||| |||| 00| 0 eng d | ||
| 035 | _a(Sirsi) u86658 | ||
| 041 | _aeng | ||
| 050 | _a711.552 | ||
| 110 |
_aHillier Parker _92054 |
||
| 245 | _aShop expansion plans. - May 1998 | ||
| 260 |
_aLondon _bHillier Parker May & Rowden _c1998 |
||
| 300 | _a1pt. ; 30cm. | ||
| 350 | _a0 | ||
| 650 | _aEXPANSION PLANS | ||
| 650 | _aRETAIL SPACE | ||
| 650 | _aSHOP EXPANSION PLANS | ||
| 650 | _aSHOPS | ||
| 690 | _aPROPERTY-COMMERCIAL PROPERTY-RETAIL PROPERTY | ||
| 942 | _n0 | ||
| 948 | _c08/06/1998 | ||
| 999 |
_c97150 _d97150 |
||